00573nam a22001697a 450000500170000001000130001702000260003003500110005603700130006708200100008010000300009024500630012024600530018326000520023627000920028830000230038020201005122118.0 aUR-10877 c250.00a9789390100330 aU-9432 bDBAD/PUB a394.2 aا حتشا م ا لحق  aہر ر و ز ر و ز عيد cا حتشا م ا لحق  bHar Roz Roz-E- Eid (Urdu)aby Ehteshamul Haque aN.Delhi bEducational Publishing Housec2020 ء aH.O.D1/16,Ansari Road,Darya ganj,bN.Delhie110002k45678285,23216162l0091-11-23211540 a248 ص c22 Cm(Hb)